[Event "Wichern op 6th"]
[Site "Hamburg"]
[Date "2001.10.20"]
[Round "8.53"]
[White "Ryll, Karl Heinz"]
[Black "Knaak, Michael"]
[Result "0-1"]
[WhiteElo "1793"]
[BlackElo "1872"]
[PlyCount "76"]
[EventDate "2001.10.21"]
[EventType "swiss"]
[EventRounds "9"]
[EventCountry "GER"]
[SourceTitle "EXT 2002"]
[Source "ChessBase"]
[SourceDate "2001.11.25"]
[SourceVersion "1"]
[SourceVersionDate "2001.11.25"]
[SourceQuality "1"]

1. e4 c5 2. Nf3 Nc6 3. d4 cxd4 4. Nxd4 g6 5. Be2 Bg7 6. Nxc6 bxc6 7. 0-0 Nf6 8. Nc3 0-0 9. f4 d5 10. exd5 Nxd5 11. Nxd5 cxd5 12. Kh1 Bf5 13. Bd3 Bxd3 14. Qxd3 e6 15. Rb1 Qa5 16. a3 Rfc8 17. b3 Qc5 18. c4 dxc4 19. bxc4 Qxc4 20. Qxc4 Rxc4 21. Rf3 Rd8 22. Be3 a6 23. h3 Rc3 24. Bb6 Rb8 25. Rxc3 Bxc3 26. Rc1 Bb2 27. Rc6 Bxa3 28. Bd4 a5 29. Be5 Ra8 30. g4 a4 31. h4 Bf8 32. h5 a3 33. hxg6 hxg6 34. Kg2 a2 35. Rc1 Bg7 36. Bxg7 Kxg7 37. Ra1 Ra3 38. Kf2 Kf6 0-1

[Event "Wichern op 6th"]
[Site "Hamburg"]
[Date "2001.10.16"]
[Round "4.42"]
[White "Ryll, Karl Heinz"]
[Black "Semmler, Guenter"]
[Result "0-1"]
[WhiteElo "1793"]
[BlackElo "2090"]
[PlyCount "110"]
[EventDate "2001.10.21"]
[EventType "swiss"]
[EventRounds "9"]
[EventCountry "GER"]
[SourceTitle "EXT 2002"]
[Source "ChessBase"]
[SourceDate "2001.11.25"]
[SourceVersion "1"]
[SourceVersionDate "2001.11.25"]
[SourceQuality "1"]

1. d4 Nf6 2. c4 d6 3. Nf3 Nbd7 4. Nc3 e5 5. dxe5 dxe5 6. Bg5 Be7 7. e3 c6 8. Bd3 0-0 9. 0-0 Qc7 10. Rc1 Re8 11. Bb1 Nf8 12. Qc2 Bg4 13. Nd2 Bh5 14. b3 Rad8 15. Bxf6 Bxf6 16. Nde4 Be7 17. Ng3 Bg6 18. Qb2 Qa5 19. a4 Bb4 20. Bxg6 Nxg6 21. Nce4 Rd7 22. Rfd1 Red8 23. Qc2 Nf8 24. Rxd7 Rxd7 25. Rd1 Qd8 26. Rxd7 Qxd7 27. h3 f5 28. Nc3 g6 29. Nge2 Ne6 30. Na2 a5 31. Nxb4 axb4 32. Kf1 Nc5 33. Nc1 Qd6 34. f3 e4 35. f4 Kf7 36. Ke2 Ke6 37. Qd2 Qxd2+ 38. Kxd2 b6 39. h4 Kd6 40. g3 Ke6 41. Kc2 Nb7 42. Na2 c5 43. Nc1 Na5 44. Kd2 Kf6 45. Ke2 Kg7 46. Kf2 Kh6 47. Kg2 Kh5 48. Kh3 h6 49. Kh2 Kg4 50. Kg2 h5 51. Ne2 Nxb3 52. Ng1 Nc1 53. Nh3 Nd3 54. Ng5 Ne1+ 55. Kf2 Nf3 0-1